BSOP header

When Jesus confronts the world : (Record no. 22559)

MARC details
000 -LEADER
fixed length control field 00675nam a2200169 4500
008 - FIXED-LENGTH DATA ELEMENTS--GENERAL INFORMATION
fixed length control field 030724s2003 us chi
020 ## - INTERNATIONAL STANDARD BOOK NUMBER
International Standard Book Number 1932184023
090 ## - LOCALLY ASSIGNED LC-TYPE CALL NUMBER (OCLC); LOCAL CALL NUMBER (OCLC)
Classification number (OCLC) (R) ; Classification number, CALL (RLIN) (NR) BS2575.2
Local cutter number (OCLC) ; Book number/undivided call number, CALL (RLIN) C23w
-- 2003
100 1# - MAIN ENTRY--PERSONAL NAME
Personal name Carson, D. A.
245 10 - TITLE STATEMENT
Title When Jesus confronts the world :
Remainder of title an exposition of Mathew 8-10 {ch}/
Statement of responsibility, etc D. A. Carson.
260 ## - PUBLICATION, DISTRIBUTION, ETC. (IMPRINT)
Place of publication, distribution, etc Pasadena :
Name of publisher, distributor, etc A Kernel of Wheat Christian Ministries,
Date of publication, distribution, etc c2003.
300 ## - PHYSICAL DESCRIPTION
Extent 216 p.
650 #4 - SUBJECT ADDED ENTRY--TOPICAL TERM
Topical term or geographic name as entry element Bible. N.T. Matthew VIII-X
General subdivision Criticism, interpretation, etc. {ch}
650 #4 - SUBJECT ADDED ENTRY--TOPICAL TERM
Topical term or geographic name as entry element Jesus Christ
General subdivision Person and offices
-- Biblical teaching.{ch}
951 ## - EQUIVALENCE OR CROSS-REFERENCE-GEOGRAPHIC NAME/AREA NAME [OBSOLETE] [CAN/MARC only]
General subdivision 00030622
950 0# - LOCAL HOLDINGS (RLIN)
-- 76/279.30
951 ## - EQUIVALENCE OR CROSS-REFERENCE-GEOGRAPHIC NAME/AREA NAME [OBSOLETE] [CAN/MARC only]
-- C-5950
-- CHBS2575.2/C23w/2003-2
-- 070613111440875
-- 2000-12-21
-- CH
Holdings
Withdrawn status Lost status Damaged status Not for loan Home library Current library Shelving location Date acquired Accession number Shelving control number Total Checkouts Full call number Barcode Date last seen Price effective from Koha item type
        BSOP Library BSOP Library Chinese Books (General Circulation) 12/21/2000 C-5950 127   CHBS2575.2/C23w/2003-2 00030622 02/23/2013 02/23/2013 Books
BSOP

Biblical Seminary of the Philippines
  All rights Reserved
  © 2024

CONTACT INFORMATION

Biblical Seminary of the Philippines,
  77-B Karuhatan Road, Valenzuela City,
  PHILIPPINES 1441
  Phone: +632 8292-6795 / 8292-6798
  Fax : +632 8292-6675
  Email: library@bsop.edu.ph